<?xml version="1.0" encoding="UTF-8"?>
<record
    xmlns:xsi="http://www.w3.org/2001/XMLSchema-instance"
    xsi:schemaLocation="http://www.loc.gov/MARC21/slim http://www.loc.gov/standards/marcxml/schema/MARC21slim.xsd"
    xmlns="http://www.loc.gov/MARC21/slim">

  <leader>01763nam a22002417a 4500</leader>
  <controlfield tag="003">DO-SdBJH</controlfield>
  <controlfield tag="005">20260622214509.0</controlfield>
  <controlfield tag="008">260622b2025    |||d|||| |||| 00| 0 spa d</controlfield>
  <datafield tag="040" ind1=" " ind2=" ">
    <subfield code="a">DO-SdBJH</subfield>
    <subfield code="b">spa</subfield>
    <subfield code="c">DO-SdBJH</subfield>
  </datafield>
  <datafield tag="041" ind1="0" ind2=" ">
    <subfield code="a">spa</subfield>
  </datafield>
  <datafield tag="090" ind1=" " ind2=" ">
    <subfield code="a">CT E-CEMA 0013</subfield>
    <subfield code="b">EGDC 2025</subfield>
  </datafield>
  <datafield tag="100" ind1="1" ind2=" ">
    <subfield code="a">Lorenzo Encarnaci&#xF3;n, Carmelo Francisco</subfield>
    <subfield code="e">sustentante</subfield>
  </datafield>
  <datafield tag="245" ind1="1" ind2="0">
    <subfield code="a">Rol de las herramientas tecnol&#xF3;gicas en las operaciones de las Fuerzas Armadas de Rep&#xFA;blica Dominicana en la provincia Dajab&#xF3;n :</subfield>
    <subfield code="b">per&#xED;odo 2022 -2024 /</subfield>
    <subfield code="c">Carmelo Francisco Lorenzo Encarnaci&#xF3;n, Wanda Arelis G&#xF3;mez P&#xE9;rez ; asesor metodol&#xF3;gico Johany Josefina Acevedo Cabrera ; asesor de contenido Plinio Mej&#xED;a P&#xE9;rez.</subfield>
  </datafield>
  <datafield tag="502" ind1=" " ind2=" ">
    <subfield code="a">Tesis y trabajos de grado (Especialidad en Comando y Estado Mayor Conjunto)--Universidad Nacional para la Defensa "General Juan Pablo Duarte y D&#xED;ez", Santo Domingo, 2025.</subfield>
  </datafield>
  <datafield tag="504" ind1=" " ind2=" ">
    <subfield code="a">Incluye referencias bibliogr&#xE1;ficas y anexos.</subfield>
  </datafield>
  <datafield tag="505" ind1=" " ind2=" ">
    <subfield code="a">Evoluci&#xF3;n y generalidades de las herramientas tecnol&#xF3;gicas y marco legal de las Fuerzas Armadas de rep&#xFA;blica Dominicana -- Amenazas y Capacidades tecnol&#xF3;gicas implementadas en las operaciones en la zona fronteriza -- Impacto de las herramientas tecnol&#xF3;gicas en las operaciones militares en la provincia Dajab&#xF3;n (2022-2024).</subfield>
  </datafield>
  <datafield tag="650" ind1=" " ind2="7">
    <subfield code="2">lemb</subfield>
    <subfield code="a">Fuerzas armadas</subfield>
    <subfield code="v">Tesis y disertaciones acad&#xE9;micas</subfield>
    <subfield code="x">Innovaciones tecnol&#xF3;gicas </subfield>
    <subfield code="x">Operaciones militares</subfield>
    <subfield code="z">Rep&#xFA;blica Dominicana</subfield>
  </datafield>
  <datafield tag="650" ind1=" " ind2="7">
    <subfield code="2">lemb</subfield>
    <subfield code="a">Vigilancia fronteriza</subfield>
    <subfield code="v">Tesis y disertaciones acad&#xE9;micas</subfield>
    <subfield code="x">Tecnolog&#xED;a militar</subfield>
    <subfield code="y">2022-2024</subfield>
    <subfield code="z">Dajab&#xF3;n (Rep&#xFA;blica Dominicana)</subfield>
  </datafield>
  <datafield tag="700" ind1="1" ind2=" ">
    <subfield code="a">G&#xF3;mez P&#xE9;rez, Wanda Arelis</subfield>
    <subfield code="e">sustentante</subfield>
  </datafield>
  <datafield tag="700" ind1="1" ind2=" ">
    <subfield code="a">Acevedo Cabrera, Johany Josefina</subfield>
    <subfield code="e">asesor metodol&#xF3;gico</subfield>
  </datafield>
  <datafield tag="700" ind1="1" ind2=" ">
    <subfield code="a">Mej&#xED;a P&#xE9;rez, Plinio</subfield>
    <subfield code="e">asesor de contenido</subfield>
  </datafield>
  <datafield tag="942" ind1=" " ind2=" ">
    <subfield code="2">CL</subfield>
    <subfield code="c">T</subfield>
  </datafield>
  <datafield tag="999" ind1=" " ind2=" ">
    <subfield code="c">8712</subfield>
    <subfield code="d">8712</subfield>
  </datafield>
</record>
